| 000 | 00559 a2200205 4500 | ||
|---|---|---|---|
| 001 | 138713 | ||
| 003 | OSt | ||
| 005 | 20210916171511.0 | ||
| 008 | |||
| 020 | _a9780486659435 | ||
| 082 |
_a519.3 _bL96G |
||
| 100 | 1 | _aLuce, R. Duncan | |
| 245 | 1 |
_aGames and decisions : introduction and critical survey _cby R. Duncan Luce and Howard Raiffa |
|
| 260 |
_aNew York _bDover Publications _c1989 |
||
| 300 | _a509p. | ||
| 630 | _aComputer Science | ||
| 630 | _aGame theory | ||
| 700 | _aRaiffa, Howard | ||
| 942 |
_2ddc _cBK |
||
| 999 |
_c11487 _d11487 |
||